Návrh metodiky tvorby adaptačného programu výrobných zamestnancov v priemyselných podnikoch
Gespeichert in:
| 1. Verfasser: | |
|---|---|
| Weitere Verfasser: | |
| Format: | Manuskript Buch |
| Sprache: | Slowakisch |
| Veröffentlicht: |
2017
|
| Schlagworte: | |
| Online-Zugang: | http://is.stuba.sk/zp/portal_zp.pl?podrobnosti=132565 |
| Tags: |
Keine Tags, Fügen Sie das erste Tag hinzu!
|
MARC
| LEADER | 00000ntm a22000003a 4500 | ||
|---|---|---|---|
| 001 | stuzp57026 | ||
| 003 | SK-STU | ||
| 005 | 20180910085804.5 | ||
| 007 | ta | ||
| 008 | 150427s2015----xo-----f-mn---000-0-slo-d | ||
| 040 | |a STU |b slo | ||
| 041 | 0 | |a slo | |
| 044 | |a xo | ||
| 100 | 1 | |a Kašníková, Kristína, |d 1988- |u 064000 |4 aut |9 100 |U MTF Materiálovotechnologická fakulta |T MTF Ústav priemyselného inžinierstva a manažmentu |X 59712 |U M4000 |Y 84 |7 A000059712 | |
| 242 | 0 | 1 | |a The proposa lmethodology of the adaptation program production employees of industrial enterprises |y eng |
| 245 | 1 | 0 | |a Návrh metodiky tvorby adaptačného programu výrobných zamestnancov v priemyselných podnikoch |
| 260 | |c 2017 | ||
| 300 | |a 146 |e príloha | ||
| 650 | 4 | |a adaptácia zamestnancov |2 slo | |
| 650 | 4 | |a adaptačný program |2 slo | |
| 650 | 4 | |a fluktuácia |2 slo | |
| 650 | 4 | |a stabilizácia |2 slo | |
| 650 | 4 | |a fluctuation |2 eng | |
| 650 | 4 | |a adaptation employees |2 eng | |
| 650 | 4 | |a adaptation program |2 eng | |
| 650 | 4 | |a stabilization |2 eng | |
| 700 | 1 | |a Chlpeková, Andrea, |d 1969- |u 064000 |k Z1 |4 ths |U MTF Materiálovotechnologická fakulta |T MTF Ústav priemyselného inžinierstva a manažmentu |X 237 |U M4000 |Y 84 |7 A000000237 | |
| 856 | 4 | |u http://is.stuba.sk/zp/portal_zp.pl?podrobnosti=132565 | |
| 996 | |b . |c M* DzP-622 |l MMSKP |s P |a 0 |w stuzp57026_0001 | ||